ការវិភាគប្រព័ន្ធក្សេត្រ បរិស្ថាន ឃុំសឿ ស្រុកមង្គលបូរី ខេត្តបន្ទាយមានជ័យ (Record no. 9687)
[ view plain ]
| 000 -LEADER | |
|---|---|
| fixed length control field | 00457nam a22001217a 4500 |
| 040 ## - CATALOGING SOURCE | |
| Transcribing agency | SY |
| 082 ## - DEWEY DECIMAL CLASSIFICATION NUMBER | |
| Classification number | 572 |
| 100 ## - MAIN ENTRY--AUTHOR NAME | |
| Personal name | NA |
| 245 ## - TITLE STATEMENT | |
| Title | ការវិភាគប្រព័ន្ធក្សេត្រ បរិស្ថាន ឃុំសឿ ស្រុកមង្គលបូរី ខេត្តបន្ទាយមានជ័យ |
| 260 ## - PUBLICATION, DISTRIBUTION, ETC. (IMPRINT) | |
| Place of publication | ផ្សព្វផ្សាយកសិកម្ម |
| Name of publisher | NA |
| Year of publication | 2005 |
| 300 ## - PHYSICAL DESCRIPTION | |
| Number of Pages | 68p. |
| 942 ## - ADDED ENTRY ELEMENTS (KOHA) | |
| Koha item type | សៀវភៅភាសាខ្មែរ |
| 952 ## - LOCATION AND ITEM INFORMATION (KOHA) | |
| Withdrawn status [LOCAL, KOHA] | 0 |
| Permanent Location | Date acquired | Koha item type | Lost status | Shelving location | Barcode | Current Location | Full call number |
|---|---|---|---|---|---|---|---|
| Library Block C | 2016-09-07 | សៀវភៅភាសាខ្មែរ | C161 | A01111 | Library Block C | 572 NA 2005 C161 |